Shadow government: the government's multi-billion dollar giveway of its decision making powers to private management consultants, "experts", and think tanks (Record no. 345479)

000 -LEADER
fixed length control field 00588cam a22001457a 4500
008 - FIXED-LENGTH DATA ELEMENTS--GENERAL INFORMATION
fixed length control field 180718b1976 xxu||||| |||| 00| 0 eng d
082 ## - DEWEY DECIMAL CLASSIFICATION NUMBER
Classification number I582x73 G987
100 ## - MAIN ENTRY--PERSONAL NAME
Personal name Guttman, Daniel
245 ## - TITLE STATEMENT
Title Shadow government: the government's multi-billion dollar giveway of its decision making powers to private management consultants, "experts", and think tanks
Statement of responsibility, etc. by Daniel Guttman and Barry Willner
260 ## - PUBLICATION, DISTRIBUTION, ETC.
Place of publication, distribution, etc. New York
Name of publisher, distributor, etc. Pantheon Books
Date of publication, distribution, etc. 1976
300 ## - PHYSICAL DESCRIPTION
Extent 354p.
650 ## - SUBJECT ADDED ENTRY--TOPICAL TERM
Topical term or geographic name entry element Business consultants --United States
650 ## - SUBJECT ADDED ENTRY--TOPICAL TERM
Topical term or geographic name entry element Government consultants --United States
700 ## - ADDED ENTRY--PERSONAL NAME
Personal name Willner, Barry
Holdings
Withdrawn status Lost status Damaged status Not for loan Permanent Location Current Location Date acquired Full call number Barcode Date last seen Price effective from Koha item type
        Indian Institute of Public Administration Indian Institute of Public Administration 1993-10-07 I582x73 G987 53204 2018-07-21 2018-07-21 Book

Powered by Koha